000 00338 a2200157 4500
001 168260
020 _a
040 _cMagnum
100 _aSantos Filho, Jose Laudier Antunes Dos
240 1 0 _aManual de futsal
_lpor
245 1 0 _aManual de futsal
362 0 _a1899
440 1 _aSprint
697 _aEDUCACAO FISICA
942 _cBK
999 _c168260
_d168260